Zníženie spotreby paliva na jednotke primárnej destilácie ropy v n. p. Slovnaft Bratilava

Bibliographic Details
Main Authors: Hlinšťák, Karol (Author), Maňák, Jiří (Author), Nikolov, Boris (Author)
Format: Article
Language:Slovak
PhysicalDescription:Tb. 4. Sch. 2.
Subjects:

MARC

LEADER 00000nab a2200000 a 4500
001 vtls000170518
003 SK-MaSNL
005 20260304063428.0
008 250422c1983 xo 0 slo
015 |a SNBRB19rr/mm-uuuuu 
035 |a CL0180629 
035 |a urn:nbn:sk:snk-abanxh 
035 |a (urnnbn)urn:nbn:sk:snk:ar-a0a53s 
035 |a (uuid)205c504c-f4cc-4272-8a54-245b67c56f36 
040 |a SNKBUCL  |b slo  |c SNKBUCL  |e AACR2 
041 0 |a slo 
044 |a xo  |c SK 
080 |a 665.63  |2 1981 
100 1 |a Hlinšťák, Karol  |4 aut  |9 844165 
245 1 0 |a Zníženie spotreby paliva na jednotke primárnej destilácie ropy v n. p. Slovnaft Bratilava  |c Karol Hlinšťák, Jiří Maňák, Boris Nikolov 
300 |b Tb. 4. Sch. 2. 
610 2 7 |a Slovnaft (Bratislava, Slovensko)  |2 snkbucl  |9 270722 
650 0 7 |a ropa  |2 snkbucl  |9 14547 
655 7 |a články z novín a časopisov  |2 snkbucl  |9 267496 
700 1 |a Maňák, Jiří  |4 aut  |9 1124701 
700 1 |a Nikolov, Boris  |4 aut  |9 1349860 
773 0 |t Ropa a uhlie  |g Roč. 25, č. 12 (1983), s. 703-708 
850 |a Slovenská národná knižnica 
852 |a Slovenská národná knižnica 
958 |a article14 
958 |a OND 
958 |a RK 
958 |a EUIPO 
992 |a RBX 
999 |c 2742550  |d 2744480